BIBLIOTECA

SENCICO

Modernos apartamentos / (Registro nro. 9864)

Detalles MARC
000 -LEADER
Campo de control de longitud fija 00896nam a22002657a 4500
003 - IDENTIFICADOR DEL NÚMERO DE CONTROL
Campo de control PE SENCICO BE
005 - FECHA Y HORA DE LA ÚLTIMA TRANSACCIÓN
Campo de control 20260316151854.0
008 - ELEMENTOS DE LONGITUD FIJA - INFORMACIÓN GENERAL
Campo de control de longitud fija 260316b |||||||| |||| 00| 0 eng d
040 ## - FUENTE DE CATALOGACIÓN
Origen de catalogación PE SENCICO BE
Agencia que realiza la transcripción PE SENCICO BE
041 ## - CÓDIGO DE IDIOMA
Idioma del texto spa
082 ## - NÚMERO DE CLASIFICACIÓN DECIMAL DEWEY
Código de Clasificación Dewey 728
Notación Interna M83
100 1# - ASIENTO PRINCIPAL--NOMBRE PERSONAL
Autor Personal Moya, Sandra
9 (RLIN) 594
Término relacionado autor
245 1# - MENCIÓN DEL TITULO
Título Modernos apartamentos /
Mención de responsabilidad Sandra Moya
250 ## - MENCIÓN DE EDICIÓN
Edición [1a ed.]
260 ## - PUBLICACIÓN, DISTRIBUCIÓN, ETC. (PIE DE IMPRENTA)
Lugar de publicación, distribución, etc. [España] :
Nombre de la Editorial, Distribuidor, etc. Lexus editores ;
Fecha de publicación, distribución, etc. 2007
300 ## - DESCRIPCIÓN FÍSICA
Paginación 203 páginas :
Otros detalles físicos ilustraciones ;
Dimensión 32 cm.
505 0# - NOTA DE CONTENIDO CON FORMATO PREESTABLECIDOE
Contenido o índice Summer container -- Casa pixel -- Casa Caraboya -- Casa barco -- Dúplex Kang
520 3# - NOTA DE RESUMEN, ETC.
Resumen, etc. Muestra fotografías de diferentes proyectos con soluciones arquitectónicas
650 10 - ASIENTO SECUNDARIO DE MATERIA - TERMINO TEMÁTICO
Término de tema o elemento de entrada de nombre geográfico Viviendas
9 (RLIN) 455
650 10 - ASIENTO SECUNDARIO DE MATERIA - TERMINO TEMÁTICO
Término de tema o elemento de entrada de nombre geográfico Diseño arquitectónico
9 (RLIN) 316
650 20 - ASIENTO SECUNDARIO DE MATERIA - TERMINO TEMÁTICO
Término de tema o elemento de entrada de nombre geográfico Arquitectura de viviendas
9 (RLIN) 409
650 20 - ASIENTO SECUNDARIO DE MATERIA - TERMINO TEMÁTICO
Término de tema o elemento de entrada de nombre geográfico Proyectos de edificaciones
9 (RLIN) 436
910 ## - RESPONSABLE DEL REGISTRO
Coordinador de procesamiento de la información hfp
942 ## - ELEMENTOS DE KOHA
Fuente de clasificación o esquema de estanterías Dewey Decimal Classification
Tipo de documento Libros
999 ## -
-- 9864
-- 9864
Existencias
Estado Retiro Estado Perdido Sistema de Clasificación o Esquema de Estantería Estado Dañado No es para préstamo Ubicación Permanente Ubicación Actual Fecha de adquisición Total Checkouts Signatura topográfica completa Código de Barras Date last seen Precio efectivo desde Tipo de ítem
    Dewey Decimal Classification     Biblioteca Piura Biblioteca Piura 16/03/2026   728/M83 BibZpiur26032660 16/03/2026 16/03/2026 Libros